| 000 | 00000nas##2200000za#4500 |
|---|---|
| 001 | 9.505670 |
| 003 | CaOODSP |
| 005 | 20220901135958 |
| 007 | cr ||||||||||| |
| 008 | 150406c2002||||xxc|| m o||||f| |0eng|d |
| 040 | |aCaOODSP|beng |
| 043 | |an-cn--- |
| 086 | 1 |aJ3-10E-PDF |
| 110 | 1 |aCanada.|bJustice Canada. |
| 245 | 10|aLegal aid research series |h[electronic resource] |
| 260 | |aOttawa - Ontario : |bJustice Canada |c[2002?]--. |
| 310 | |aIrregular |
| 362 | 1 |a[rr03LARS-1e?]-- |
| 775 | 08|tSérie de recherches sur l'aide juridique |w(CaOODSP)9.502071 |